000 01592nam a2200373 i 4500
003 DO-SdBNP
005 20250116073945.0
007 ta
008 100308s1987 dr 001 0 spa d
040 _aDO-SdBNP
_bspa
_cBNPHU
_erda
082 _axxxx
_bC976
_222
100 1 _aMartinez L., Ana Teresa
_983911
245 1 0 _aCurrículo /
_cMaría Teresa Martínez L., Amantina Mateo Valdez, Carina T. Lavandier T., Cleyvis Indiana Barinas N. José Germán Bautista y otros ; coordinador Ligia Teresa Pimentel R. ; colaborador Emilio Vargas.
264 1 _aSanto Domingo :
_bDirección General de Medios Educativos,
_c1985.
300 _a120 Páginas
_c25 cm.
336 _2rdacontent
_atexto
_btxt
337 _2rdamedia
_asin mediación
_bn
338 _2rdacarrier
_avolumen
_bnc
590 _aInventariado, 2023/ YL
700 1 _aMateo Valdez, Amantina
_936931
_eautora.
700 1 _aLavandier T., Carina T.
_983912
700 1 _aBarinas N., Cleyvis Indiana
_eautora.
_983913
700 1 _aGermán Bautista, José
_eautor.
_983914
700 1 _aCamilo A., Josefa Elena
_eautora.
_983915
700 1 _aOrtiz de la R., Luisa Herminia
_eautora.
_983916
700 1 _aQuéliz C., Mercedes Rhina
_eautora.
_983917
700 1 _aPeralta P., Norca Ligia
_eautora.
_983918
700 1 _aDuarte M., Rachel Eunice
_eautora.
_983919
700 1 _aPimentel R., Ligia Teresa
_936932
_ecoordinadora
700 1 _aVargas, Emilio
_936933
_ecolaborador
710 1 _aRepública Dominicana.
_bSecretaría de Estado de Educación, Bellas Artes y Cultos
_923965
910 _aYLockward
942 _2ddc
_cLBS1
999 _c54353
_d54353